| 000 | 00535cas a22001935a 4500 | ||
|---|---|---|---|
| 001 | L60 | ||
| 008 | 070724c1968 xxkwr p 0 a0eng | ||
| 022 | 1 | _a0039-6303 | |
| 035 | _a(Sirsi) u99107 | ||
| 041 | 0 | _aeng | |
| 245 | 0 | 0 | _aSurveyor |
| 260 |
_aSutton _bIPC Building and Contract Journals _c1968- |
||
| 362 | _a132(3970) 5 July 1968-1991 | ||
| 651 | 4 | _aUnited Kingdom | |
| 690 | _aMANAGEMENT-BUSINESS MANAGEMENT-PROFESSIONAL PRACTICE | ||
| 780 | 0 | 0 | _tSurveyor and Municipal Engineer |
| 942 |
_n0 _2ddc |
||
| 948 | _c16/02/1994 | ||
| 999 |
_c118657 _d118657 |
||